Zníženie hodnoty majetku a jeho účtovné zobrazenie podľa amerických účtovných predpisov US GAAP diplomová práca

Gespeichert in:
Bibliographische Detailangaben
1. Verfasser: Šmídová, Veronika
Körperschaft: Fakulta hospodárskej informatiky EU. Katedra účtovníctva a audítorstva
Weitere Verfasser: Tumpach, Miloš, 1970-
Format: Buch
Sprache:Slowakisch
Veröffentlicht: Bratislava 2009
Tags: Tag hinzufügen
Keine Tags, Fügen Sie das erste Tag hinzu!

MARC

LEADER 00000nam$a2200000$$$4500
001 0101002
005 20240318135111.2
041 0 |a slo 
044 |a SK 
245 1 0 |a Zníženie hodnoty majetku a jeho účtovné zobrazenie podľa amerických účtovných predpisov US GAAP  |b diplomová práca  |c Veronika Šmídová ; škol. Miloš Tumpach 
264 1 |a Bratislava  |c 2009 
300 |a 61 s. 
100 1 |a Šmídová, Veronika 
700 1 |a Tumpach, Miloš, 1970- 
710 2 |a Fakulta hospodárskej informatiky EU. Katedra účtovníctva a audítorstva